000 00577nam a22001937a 4500
003 BD-DhJNU
005 20250302025207.0
008 250302b |||||||| |||| 00| 0 eng d
020 _a1841693189
040 _aBD-DhJNU
_bENG
_cBD-DhJNU
_dBD-DhJNU
082 _223
_a153
100 _aEsgate, Anthony
245 _aAn introduction to applied cognitive psychology /
_cAnthony Esgate and David Groome
260 _aNew York :
_bPsychology Press,
_c2004.
300 _axxiv, 327 p. :
_bill. ;
_c25 cm.
504 _aincludes index
700 _aGroome, David
942 _2ddc
_cBK
_n0
999 _c1412
_d1412